| 000 | 01173nam a2200229 a 4500 | ||
|---|---|---|---|
| 001 | 000044689 | ||
| 005 | 20201002045543.0 | ||
| 008 | 090715s2014 dr 000 0 spa d | ||
| 040 |
_aDO-SdBNP _bspa _cBNPHU |
||
| 082 |
_a344.01 _bR426c, 1962 |
||
| 110 | 1 |
_aRepública Dominicana _9447 |
|
| 240 | 1 | 0 | _a[Código de trabajo] |
| 245 | 1 | 0 |
_aCódigo de trabajo de la Repúbliica Dominicana : _bley 16-92 y DEC 258-93 (corregido, actualizado, adecuado, modificado y revisado con la constitución 2010, dec. 56-10 y sus modificaciones y las leyes 247-12, 5-13, 42-00, 494-06, 496-06, 86-99, 49-00, 97-97, 204-97, 25-98, 142-98, 103-99) / _ccompilador Carlos García. |
| 260 |
_aSanto Domingo : _bDalis, _c2014. |
||
| 300 |
_a168 p. : ; _c22 cm. |
||
| 500 | _aTabla de concordancia, índice temático, tabla de resoluciones del Ministerio de Trabajo, resoluciones de la Suprema Corte de Justicia. | ||
| 650 | 4 |
_aDerecho laboral _xLegislación _zRepública Dominicana _97806 |
|
| 650 | 4 |
_aLegislación laboral _zRepública Dominicana _911733 |
|
| 650 | 4 |
_aLeyes _xRepública dominicana _910364 |
|
| 651 | 4 |
_aRepública Dominicana _xLey 16-92 _952585 |
|
| 700 | 1 | 2 |
_aGarcía, Carlos _967425 |
| 999 |
_c44178 _d44178 |
||